| 000 -CABECERA |
| fixed length control field |
01782nam a22002897a 4500 |
| 003 - IDENTIFICADOR DEL NÚMERO DE CONTROL |
| control field |
AR-CdUCM |
| 008 - DATOS DE LONGITUD FIJA--INFORMACIÓN GENERAL |
| fixed length control field |
190425b ||||| |||| 00| 0 spa d |
| 040 ## - FUENTE DE LA CATALOGACIÓN |
| Agencia/entidad que catalogó originalmente la obra |
MUNICIPALIDAD PROVINCIAL DEL CUSCO |
| Entidad que transcribió la catalogación |
BIBLIOTECA MUNICIPAL DEL CUSCO |
| 082 ## - NÚMERO DE LA CLASIFICACIÓN DECIMAL DEWEY |
| No. de Clasificación |
Rev.Univ/N°93/1947 |
| Notacion interna |
Rev.Univ/N°93/1947 |
| 110 ## - ENTRADA PRINCIPAL--NOMBRE DE ENTIDAD CORPORATIVA |
| Nombre de la institución, jurisdicción como entrada principal |
Universidad Nacional de San Antonio Abad del Cusco |
| 9 (RLIN) |
15942 |
| 245 ## - MENCIÓN DE TÍTULO |
| Título |
Revista Universitaria : |
| Resto del título |
Órgano de la Universidad del Cuzco / |
| 260 ## - PUBLICACIÓN, DISTRIBUCIÓN, ETC. |
| Lugar de publicación, distribución, etc. |
Cusco : |
| Nombre de la editorial, distribuidor, etc. |
H.G. Rozas, |
| Fecha de publicación, distribución, etc. |
1947. |
| 300 ## - DESCRIPCIÓN FÍSICA |
| Nº de Páginas Extensión |
204 páginas. : |
| Dimensiones |
20 cm. |
| 440 ## - MENCIÓN DE SERIE/PUNTO DE ACCESO ADICIONAL--TÍTULO |
| Título |
Revista Universitaria |
| Número de la parte/sección de una obra |
Año XXXVI, 2° semestre 1947, N°93. |
| 9 (RLIN) |
45948 |
| 505 ## - NOTA DE CONTENIDO CON FORMATO |
| Nota de contenido formateada |
Contenido: Vida y obra de Francisco de Vitoria, fundador del derecho internacional conferencia de Víctor Guillen. -- La hora de América. Alfredo Yépez Miranda. -- Menores incorrectos en el Cuzco tesis. Julio Miguel Mendoza Dongo. -- Del sindicalismo al corporativismo. Cesar Augusto Reinaga. -- Documentos inéditos sobre la sublevación de Tupaj Amaru. -- Memoria arqueológica presentada a la ilustre Universidad Nacional del Cuzco. Franz Tamayo. -- Salina de Maras. Gabino Bueno. -- A la memoria de un sabio cusqueño. Gustavo Nuñez del Prado. -- Complementando los Anales del Cuzco. Horacio Villanueva Urteaga. -- Universidad Nacional del Cuzco. Concejo universitario, personal docente. |
| 650 ## - PUNTO DE ACCESO ADICIONAL DE MATERIA--TÉRMINO DE MATERIA |
| Descriptor |
Levantamientos andinos |
| 9 (RLIN) |
44095 |
| 650 ## - PUNTO DE ACCESO ADICIONAL DE MATERIA--TÉRMINO DE MATERIA |
| Descriptor |
Tupac Amaru |
| 9 (RLIN) |
623 |
| 650 ## - PUNTO DE ACCESO ADICIONAL DE MATERIA--TÉRMINO DE MATERIA |
| Descriptor |
Eusebio Corazao Quintanilla |
| 9 (RLIN) |
45949 |
| 650 ## - PUNTO DE ACCESO ADICIONAL DE MATERIA--TÉRMINO DE MATERIA |
| Descriptor |
Arqueología cusqueña |
| 9 (RLIN) |
9322 |
| 650 ## - PUNTO DE ACCESO ADICIONAL DE MATERIA--TÉRMINO DE MATERIA |
| Descriptor |
Historia del Cusco |
| 9 (RLIN) |
1714 |
| 700 ## - PUNTO DE ACCESO ADICIONAL--NOMBRE DE PERSONA |
| Nombre Personal |
Villanueva Urteaga, Horacio |
| 9 (RLIN) |
5790 |
| 700 ## - PUNTO DE ACCESO ADICIONAL--NOMBRE DE PERSONA |
| Nombre Personal |
Yépez Miranda, Alfredo |
| 9 (RLIN) |
4230 |
| 700 ## - PUNTO DE ACCESO ADICIONAL--NOMBRE DE PERSONA |
| Nombre Personal |
Núñez del Prado, Gustavo |
| 9 (RLIN) |
24114 |
| 710 ## - PUNTO DE ACCESO ADICIONAL--NOMBRE DE ENTIDAD CORPORATIVA |
| Nombre corporativo (En letras Mayúsculas) |
Universidad Nacional de San Antonio Abad del Cusco |
| 9 (RLIN) |
15942 |
| 942 ## - ELEMENTOS DE PUNTO DE ACCESO ADICIONAL (KOHA) |
| Fuente de clasificación |
|
| Tipo de item |
Revistas cusqueñas |
| 945 ## - PROCESAMIENTO DE INFORMACIÓN LOCAL (OCLC) |
| Catalogador |
rac |